000 00587nam a22002297a 4500
003 UA-OsUOA
001 95710
007 ta
008 20130306b un ||||| |||| 00| 0 ukr d
100 _aКазанцев А.
090 _a821.161.1
_bК14
942 _cBK
040 _aUA-OsUOA
_brus
_cUA-OsUOA
_dUA-OsUOA
245 _aМол "Северный"
_bроман-мечта
300 _a388 с.
955 _a3
041 _arus
080 _a821.161.1
260 _aМ.
_c1952
650 7 _a82 Література. Літературознавство
_2UDC
999 _c381941
_d381941